书目信息 |
| 题名: |
猪的营养
|
|
| 作者: | 李德发 | |
| 分册: | ||
| 出版信息: | 北京 中国农业大学出版社 1996 |
|
| 页数: | 395 | |
| 开本: | 20cm | |
| 丛书名: | ||
| 单 册: | ||
| 中图分类: | S815 | |
| 科图分类: | ||
| 主题词: | 畜牧学 | |
| 电子资源: | ||
| ISBN: | 7-81002-753-0 | |
| 000 | 00475nam0 2200181 450 | |
| 001 | 0741144344 | |
| 005 | 20070817112544.34 | |
| 010 | @a7-81002-753-0@d¥16.00 | |
| 100 | @a20070817d km y0chiy0120 ea | |
| 101 | 0 | @achi |
| 200 | 1 | @a猪的营养@Azhu de ying yang@f李德发@Fli de fa |
| 210 | @a北京@c中国农业大学出版社@d1996 | |
| 215 | @a395@d20cm | |
| 606 | 0 | @a畜牧学 |
| 690 | @aS815@v3 | |
| 701 | 0 | @a李德发@Ali de fa |
| 801 | 0 | @aCN@bPFT@c20070817 |
| 905 | @a213230@dS815@en3@f1 | |
| 猪的营养/李德发.-北京:中国农业大学出版社,1996 |
| 395;20cm |
| ISBN 7-81002-753-0:¥16.00 |
| ● |
| 相关链接 |
|
|
|
|
正题名:猪的营养
索取号:S815/n3
 
预约/预借
| 序号 | 登录号 | 条形码 | 馆藏地/架位号 | 状态 | 备注 |
| 1 | 6600683 | 266006831 | 密集书库-生命科学系/ [索取号:S815/n3] | 在馆 |